| 000 | 00545nam a2200169Ia 4500 | ||
|---|---|---|---|
| 008 | 230718s9999 xx 000 0 und d | ||
| 020 | _a9780262101080 | ||
| 041 | _aeng | ||
| 082 |
_a003.3 _bJEU |
||
| 100 |
_aJeusfeld M.A.(Editor) _9174528 |
||
| 245 | _aMetamodeling For Method Engineering | ||
| 260 |
_c2009 _bMIT Press |
||
| 300 |
_a399 _dRef 1444 C (37255) |
||
| 365 |
_cRs. _b2700.50 |
||
| 700 |
_aJeusfeld M.A.(Editor), Jarke M.(Editor) & Mylopoulos J.(Editor) _9191610 |
||
| 906 |
_dO:0117716-Oct-2010B:110110068029-Sep-2010 _cCOMP _b540.1 |
||
| 999 |
_c326048 _d326048 |
||